00504nam a2200205Ia 4500003000900000008004100009040001300050040001300063041000800076100002000084245008600104250001300190260001400203260000900217300001100226300001000237490003700247490000600284710000800290IT-RoPAU120407s9999 xx 000 0 und d aIT-RoPAU cIT-RoPAU aita aAndrea Riccardi a"Chiesa e progetto educativo nell’Italia del secondo dopo guerra (1945-1958) " aBrescia  aLa Scuola c1988 a563 p. c21 cm aPedagogia: testi e studi storici v1 aetc